Čajkovskij u každogo vremeni svoj

Gespeichert in:
Bibliographische Detailangaben
1. Verfasser: Dulebová, Irina
Format: Buchkapitel
Sprache:Russisch
Tags: Tag hinzufügen
Keine Tags, Fügen Sie das erste Tag hinzu!

MARC

LEADER 00000naa$a2200000$$$4500
001 0056022
005 20240502071634.0
041 0 |a rus 
044 |a SK 
245 1 0 |a Čajkovskij u každogo vremeni svoj  |c Irina Dulebová 
100 1 |a Dulebová, Irina